El día moridor /

Saved in:
Bibliographic Details
Main Author: Morales, Francisco, 1940-
Format: Book
Language:Spanish
Published: Mexcali, Baja California : Instituto de Cultura de Baja California, 1993.
Edition:1. ed.
Subjects:
Tags: Add Tag
No Tags, Be the first to tag this record!
LEADER 00746aam a2200241 a 4500
001 007711203-2
005 20020606104010.5
008 940307s1993 mx a 000 0dspa
010 |a  94126560  
020 |a 9682953952 
035 0 |a ocm31711689 
035 0 |a ocm31711689  |z ocm30890712 
040 |a DLC  |c DLC  |d AZU  |d NYP  |d HLS 
050 0 0 |a PQ7298.23.O7314  |b D53 1993 
100 1 |a Morales, Francisco,  |d 1940- 
245 1 3 |a El día moridor /  |c Franciso Morales. 
250 |a 1. ed. 
260 |a Mexcali, Baja California :  |b Instituto de Cultura de Baja California,  |c 1993. 
300 |a 164 p. :  |b ill. ;  |c 22 cm. 
600 1 0 |a Morales, Francisco,  |d 1940-  |v Diaries. 
650 0 |a Authors, Mexican  |y 20th century  |v Diaries. 
988 |a 20020608 
906 |0 DLC